Statistics for NBA Top 10 Shot Blocking Guards in NBA History

Click here to take the quiz!

General Stats

  • This quiz has been taken 36 times
  • The average score is 5 of 10

Answer Stats

BlocksPlayer% Correct
640Kobe Bryant
90%
885Dwyane Wade
84%
893Michael Jordan
81%
675Dennis Johnson
65%
450Jason Kidd
39%
863Vince Carter
35%
670George Gervin
29%
719Clyde Drexler
26%
580Eddie Jones
19%
729Ron Harper
10%

Score Distribution

Percentile by Number Answered

Percent of People with Each Score

Your Score History

You have not taken this quiz